000 01409nam a2200253Ia 4500
003 Ost
005 20260507075407.0
008 260507s9999||||xx |||||||||||||| ||und||
040 _cfsecg
041 _aara
082 _a600
100 _eمؤلف
245 0 _aالأساليب الحديثة للتحليل المالي وإعداد الموازنات لأغراض التخطيط والرقابة /
250 _aطبعة 2
260 _aالقاهرة:
_bالشركة العربية المتحدة للتسويق والتوريدات,
_c2008
300 _a202 صفحة؛
_bإيضاحات ؛
_c24 سم
504 _aالمراجع ص.121
520 _aيضم التحليل المالي ومتطلباته، أساليب التحليل المالي ، متطلبات التحليل المالي ، تحليل السيةلة في المنظمة ، تحليل الربحية في المنظمة، تحليل مصادر الأموال واستخدامها في المنطقة، الموازنات لأغراض التخطيط والرقابة، وظائف وأنواع الموازنات، تخطيط الربح والموازنات التخطيطية، الموازنة التخطيطية ودورها في إتخاد القرارات
653 _aالتخطيط
653 _aالتقارير المالية
653 _aالرقابة
653 _aالميزانية
942 _cكتاب
999 _c44320
_d44320